Normal view
MARC view
- Noblecourt.C.D.
Entry Personal Name
001 - CONTROL NUMBER
- control field: 4797
003 - CONTROL NUMBER IDENTIFIER
- control field: OSt
005 - DATE AND TIME OF LATEST TRANSACTION
- control field: 20180116084932.0
008 - FIXED-LENGTH DATA ELEMENTS
- fixed length control field: 180116|| aca||aabn | a|a d
040 ## - CATALOGING SOURCE
- Original cataloging agency: OSt
- Transcribing agency: OSt
100 ## - HEADING--PERSONAL NAME
- Personal name: Noblecourt.C.D.
670 ## - SOURCE DATA FOUND
- Source citation: Work cat.: (OSt): Noblecourt.C.D., Egyptian Wall Paintings, 1962